000 00257nam a22000977a 4500
999 _c11138
_d11138
008 180922b ||||| |||| 00| 0 eng d
020 _a9788123711430
100 _aJAIN, H C
_96902
245 _aRADIATION AND MAN
260 _aNEW DELHI
_bNATIONAL BOOK TRUST
_c2015